| 000 | 01134cam a2200265 i 4500 | ||
|---|---|---|---|
| 003 | SA-RiAUC | ||
| 005 | 20250803062721.0 | ||
| 008 | 250720s1998 ua f 000r0 ara c | ||
| 040 |
_aSA-JeALM _bara _cSA-RiAUC _erda |
||
| 082 | 0 | 4 | _a259.1 |
| 090 |
_a259.1 _bق د ر |
||
| 100 | 1 |
_aقدري أفندي، عبد القادر بن يوسف، _d1014-1083 هجري _eمؤلف. |
|
| 245 | 1 | 0 |
_aمجموعة فتاوى قدري افندي المعروف بواقعات المفتين / _cعبد القادر بن يوسف. وبهامشه فوائد شريفة وزوائد منيفة. |
| 246 | _aواقعات المفتين | ||
| 264 | 1 |
_aبلوجستان - باكستان : _bدائرة المعرف الاسلامية، _c1984 |
|
| 300 |
_a245 صفحة ؛ _c24 سم. |
||
| 336 |
_aنص _btxt _2rdacontent _3كتاب |
||
| 337 |
_aبدون وسيط _bn _2rdamedia |
||
| 338 |
_aمجلد _bnc _2rdacarrier |
||
| 650 | 7 |
_aالفقه الإسلامي _2aucsh |
|
| 650 | 7 |
_aالفقه الحنفي _2aucsh |
|
| 740 | 0 | _aفوائد شريفة وزوائد منيفة. | |
| 942 |
_2ddc _cBOOK _n0 |
||
| 949 |
_aSA-JeALM _d250720 _uosman123 _n1 |
||
| 999 |
_c10480 _d10480 |
||